Wymień pierwiastek chemiczny, który... #1 - Statystyki

Ogólne statystyki
  • Ten quiz został rozwiązany 792 razy
  • Średni wynik to 9 z 15
Statystyki odpowiedzi
Odpowiedź % Poprawnych
Polon | Rad
98%
Uran
92%
Azot
91%
Tlen
91%
Węgiel
85%
Wodór
81%
Antymon | Oganeson | Polon | Neon | Argon | Krypton | Ksenon | Radon
75%
Cez
60%
Itr
49%
Antymon
43%
Wolfram
33%
Glin | Gal | Ind | Cyna | Tal | Ołów | Bizmut | Polon | Liwermor | Moskow | Flerow | Nihon
31%
Fluor | Chlor | Brom | Jod | Astat | Tenes
23%
Krzem
19%
Oganeson
17%
Nie znaleziono quizów pasujących do podanych kryteriów
Rozkład punktacji
Procent ludzi z każdym wynikiem
Percentyl według liczby udzielonych odpowiedzi
Twoja historia wyników
Nie rozwiązałeś tego quizu